000 00709nam a22002297a 4500
003 UA-OsUOA
001 45837
007 ta
008 20111206b un ||||| |||| 00| 0 ukr d
090 _a017
_bЮ73
942 _cBK
040 _aUA-OsUOA
_bukr
_cUA-OsUOA
_dUA-OsUOA
245 _aЮрій Клен. Бібліографічний покажчик
_cсклав Іван Лучків
300 _a182 с.
955 _a1
041 _aukr
080 _a017
260 _aК.
_c2009
650 7 _a01 Бібліографія і бібліографії. Каталоги
_2UDC
999 _c425932
_d425932